ČSN 42 3137 Slitina měď-cín-zinek. Bronz červený Cu-Sn 9-Zn
| Format: | Book |
|---|---|
| Language: | Undetermined |
| PhysicalDescription: | 1 s. |
| Published: |
Praha
Úrad pro vynálezy a normalisaci
1957
|
MARC
| LEADER | 00000nam a2200000 a 4500 | ||
|---|---|---|---|
| 001 | vtls001379287 | ||
| 003 | SK-MaSNL | ||
| 005 | 20260224023056.0 | ||
| 008 | 991214s1957 xx 0 und | ||
| 035 | |a SNK000333257 | ||
| 040 | |a SNK |b slo |c SNK |e AACR2 | ||
| 245 | 1 | |a ČSN 42 3137 Slitina měď-cín-zinek. Bronz červený Cu-Sn 9-Zn | |
| 260 | |a Praha |b Úrad pro vynálezy a normalisaci |c 1957 | ||
| 300 | |a 1 s. | ||
| 999 | |c 809059 |d 810989 | ||
| 952 | |t P60, <04>, [BOOK], {604} |a SNK |b SNK |y VYP |7 0 |p 17A0221620 |o snkČSN 42 3137 |0 0 |1 0 |4 0 |d 1999-12-14 |l 0 |r 2005-01-02 00:00:00 |w 2026-02-24 | ||


